EVERY Single Kanye West Song! - Statistics

General Stats
  • This quiz has been taken 18 times
  • The average score is 80 of 285
Answer Stats
The College Dropout Answer % Correct
2. We Don't Care
88%
5. All Of The Lights
75%
12. Carnival
75%
2. Father Stretch My Hands, Pt.1
75%
9. Flashing Lights
75%
1. Good Morning
75%
3. Heartless
75%
12. Homecoming
75%
3. POWER
75%
15. School Spirit
75%
3. Stronger
75%
19. Through The Wire
75%
6. All Falls Down
63%
7. Barry Bonds
63%
10. Bound 2
63%
20. Diamonds From Sierra Leone
63%
6. Drive Slow
63%
19. Drunk
63%
8. Drunk And Hot Girls
63%
10. Everything I Am
63%
6. Ghost Town
63%
4. Gold Digger
63%
5. Good Life
63%
4. I Wonder
63%
7. Jesus Walks
63%
6. Monster
63%
3. Ni**as in Paris
63%
1. Preacher Man
63%
9. Runaway
63%
12. Slow Jamz
63%
4. Spaceship
63%
11. The Glory
63%
11. The New Workout Plan
63%
3. All Mine
50%
2. Black Skinhead
50%
11. Blame Game
50%
6. Can't Tell Me Nothing
50%
8. Crack Music
50%
12. Damn
50%
1. Dark Fantasy
50%
18. Donda
50%
20. Family Business
50%
11. FML
50%
9. Get Em High
50%
14. Good Night
50%
2. Gorgeous
50%
3. Graduation Day
50%
10. Hell Of A Life
50%
3. I Am A God
50%
21. Last Call
50%
4. New Slaves
50%
17. No More Parties in LA
50%
1. On Sight
50%
4. Otis
50%
6. Paranoid
50%
3. Pt. 2
50%
7. RoboCop
50%
9. Roses
50%
20. Saint Pablo
50%
3. Touch The Sky
50%
7. Violent Crimes
50%
1. Wake Up Mr. West
50%
13. Wolves
50%
2. Yikes
50%
2. Beauty and the Beast
38%
13. Big Brother
38%
7. Blood On The Leaves
38%
10. Bomb
38%
2. | 2002 | 2016 Champions
38%
4. Closed on Sunday
38%
8. Devil In A New Dress
38%
18. | 2015 Facts
38%
4. Famous
38%
5. Feedback
38%
3. Field Trip
38%
3. Follow God
38%
8. God Is
38%
8. Guilt Trip
38%
14. H•A•M
38%
2. Heard Em Say
38%
16. Hey Mama
38%
7. Highlights
38%
2. Hurricane
38%
5. I'll Fly Away
38%
6. I'm In It
38%
1. I Thought About Killing You
38%
16. King
38%
2018 Lift Yourself
38%
12. Lost In The World
38%
5. Love Lockdown
38%
6. Low Lights
38%
3. Moon
38%
1. No Church In The Wild
38%
5. Off The Grid
38%
12. Real Friends
38%
5. Reborn
38%
18. Two Words
38%
1. Ultralight Beam
38%
11. Vultures
38%
7. Water
38%
10. Waves
38%
12. Why I Love You
38%
10. Workout Plan
38%
16. 30 Hours
25%
7. | 12. 530
25%
11. Addiction
25%
7. All The Love
25%
4. Amazing
25%
9. Bad News
25%
15. Bittersweet Poetry
25%
13. Breathe In Breathe Out
25%
10. Bring Me Down
25%
6. Bully
25%
9. Burn
25%
17. Celebration
25%
2. Clique
25%
11. Coldest Winter
25%
12. Don't Like.1
25%
6. Everything We Need
25%
19. Fade
25%
2. Fire
25%
12. Forever
25%
14. Frank's Track
25%
4. Freeee
25%
8. Freestyle 4
25%
4. Fried
25%
10. Fuk Sumn
25%
19. Gone
25%
9. Hands On
25%
5. Hold My Liquor
25%
6. Hoodrat
25%
2018 I Love It
25%
6. Jail
25%
30. Jail pt 2
25%
11. Jesus is Lord
25%
27. Jesus Lord
25%
6. KIDS SEE GHOSTS
25%
23. Late
25%
3. Mercy.1
25%
8. Never Let Me Down
25%
10. No Child Left Behind
25%
5. No Mistakes
25%
25. Ok Ok
25%
28. Ok Ok pt 2
25%
5. On God
25%
12. Pinocchio Story
25%
7. Praise God
25%
1. Say You Will
25%
14. See Me Now
25%
10. See You In My Nightmares
25%
15. Sky City
25%
1. Slide
25%
7. So Appalled
25%
1. Stars
25%
8. Street Lights
25%
4. Talking
25%
8. This One Here
25%
2. Welcome To Heartbreak
25%
14. We Major
25%
4. White Lines
25%
13. Who Will Survive In America
25%
4. Wouldn't Leave
25%
2018 Ye vs. The People
25%
15. 24
13%
3. 4th Dimension
13%
2015 All Day
13%
5. Back To Me
13%
13. Beg Forgiveness
13%
18. Believer
13%
9. Believe What I Say
13%
11. Bliss
13%
2. Broken Road
13%
2010 Chain Heavy
13%
2010 Christmas in Harlem
13%
11. Circles
13%
11. City of God
13%
2007 Classic
13%
6. Cold.1
13%
10. Creepers
13%
7. Cudi Montage
13%
8. Dead
13%
13. Diamonds From Sierra Leone (Remix)
13%
7. Do It
13%
1. Donda Chant
13%
2010 Don't Look Down
13%
1. Every Hour
13%
1. Feel The Love
13%
21. First Time in a Long Time
13%
9. Forever Rolling
13%
2015 FourFiveSeconds
13%
3. Get Lost
13%
13. God Breathed
13%
2010 Good Friday
13%
5. Gotta Have It
13%
9. Happy
13%
21. Heaven and Hell
13%
9. Highs and Lows
13%
5. I Can't Wait
13%
13. Illest Moth****cker Alive
13%
2006 Impossible
13%
20. Jesus Lord pt 2
13%
24. Jonah
13%
16. Junya
13%
29. Junya pt 2
13%
19. Keep My Spirit Alive
13%
31. Keep My Spirit Alive pt 2
13%
2. Keys To My Life
13%
3. | 13. Last Breath
13%
4. Life of The Party
13%
14. Lifestyle
13%
2. Lift Off
13%
2010 Looking For Trouble
13%
14. Lord I Need You
13%
20. Lord Lift Me Up
13%
2010 Lord Lord Lord
13%
17. Louie Bags
13%
11. Made in America
13%
10. Mission Control
13%
16. My Soul
13%
7. My Way Home
13%
2020 Nah Nah Nah
13%
26. New Again
13%
4. New God Flow.1
13%
2014 Only One
13%
7. Pablo
13%
3. Paid
13%
8. Paperwork
13%
15. Problematic
13%
25!!! Pure Souls
13%
22. Remote Control
13%
12 Remote Control pt 2
13%
11. River
13%
14. Scifi
13%
10. Security
13%
2. Selah
13%
9. Send It Up
13%
8. Sin City
13%
17. Take Off Your Dress
13%
23. Tell The Vision
13%
5. The Morning
13%
9. The One
13%
6. Too Easy
13%
1. To The World
13%
1. True Love
13%
10. Use This Gospel
13%
2007 Us Placers
13%
2020 Wash Us In The Blood
13%
22. We Can Make It Better
13%
8. Welcome To The Jungle
13%
2012 White Dress
13%
2018 XTCY
13%
21. Back To Basics
0%
16. Burn Everything
0%
21. Can U Be
0%
2010 Christian Dion Denim Flow
0%
13. City of Chi
0%
8. Come To Life
0%
14. Good (Don't Die)
0%
20. Gun to My Head
0%
22. Heavy Hitters
0%
7. Higher.
0%
13. Husband
0%
5. Jesse
0%
4. Keep The Flowers
0%
19. Maintenance
0%
8. Mr Miyagi
0%
10. Murder to Excellence
0%
17. Never Abandon Your Family
0%
6. New Day
0%
15. Primetime
0%
6. Promotion
0%
15. Suzy
0%
2010 Take One for the Team
0%
7. That's My Bi*ch
0%
16. The Joy
0%
2. Time Moving Show
0%
11. Up From The Ashes
0%
18. We Did It
0%
9. Who Gon Stop Me
0%
2005 Wouldn't You Like To Ride?
0%
No matching quizzes found
Score Distribution
Percent of People with Each Score
Percentile by Number Answered
Your Score History
You have not taken this quiz